000 00846caa a22002417a 4500
999 _c409855
_d409855
001 123072
003 UA-OsUOA
005 20200111201227.0
007 ta
008 20170530b un ||||| |||| 00| 0 ukr d
040 _aUA-OsUOA
_bukr
_cUA-OsUOA
_dUA-OsUOA
041 _aukr
080 _a908
090 _a908
_bК46
100 _aКібіта Н.
245 _aОстрозький наспів у церковно музичній культурі України [16–18 ст.]
_cН. Кібіта
300 _aС. 293–300
650 7 _a908 Краєзнавство
_2UDC
773 0 _0315674
_9328251
_dОстрог-Нью-Йорк УІТ 1999
_o91190
_tОсягнення історії
_w(UA-OsUOA) 29291
_z966-95166-7-6
942 _cBKA
_2udc
955 _a1